000 03675aam a2200385 i 4500
001 768714001
003 CO-MdFUSB
005 20240604081713.0
007 cr aa uaaaa
008 240416t2000 -us |||| |||| 00| 0 eng d
020 _a9780567442215
_q[electrónico]
040 _cCO-MdFUSB
041 0 _aspa
082 0 4 _a220
245 1 0 _aRethinking contexts, rereading texts :
_bcontributions from the social sciences to Biblical interpretation
_c/ editado por Mark Daniel Carroll R.
_h[electrónico]
264 1 _aSheffield, Estados Unidos :
_bSheffield Academic Press,
_c[2000]
264 4 _c©2000
300 _a100 páginas
336 _2rdacontent
_atexto
_btxt
337 _2rdamedia
_ainformático
_bc
338 _2rdacarrier
_aremoto
_bcr
490 _aJournal for the study of the Old Testament. Supplement series
505 _tParte I: El potencial y los errores de los enfoques de ciencia social
_aEl potencial de lo negativo: Una aproximación al Antiguo Testamento a través de la obra de Adorno. -- Lectura de la Biblia en el contexto del pluralismo metodológico: el debilitamiento del exclusivismo étnico en el Génesis. -- Medir el grano de una manera más matizada y literaria: un cuento de advertencia sobre la contribución de las ciencias sociales a la interpretación bíblica.
505 _tPARTE II: Las ciencias sociales y la interpretación bíblica: estudios de casos:
_aUn mapa de ideología para los críticos bíblicos. -- Esdras 2 en perspectiva ideológica crítica. -- Reexamen de la 'religión popular': cuestiones de definición y fuentes. Perspectivas de la antropología interpretativa. -- 'Porque eso te encanta hacer': investigando la religión popular en el libro de Amós Dialecto y registro en el griego del Nuevo Testamento: teoría. -- Regístrese en el griego del Nuevo Testamento: Aplicación con referencia al evangelio de Marcos
506 _aSolicitar clave y usuario para acceder al libro electrónico.
520 _aEste volumen reúne diez ensayos sobre los diversos contextos de los textos que invocan los enfoques científico- sociales . Estos contextos son: los valores culturales que informan a los escritores de textos , la relación entre el texto y el lector o comunidad de lectores, y la producción de los textos mismos como artefactos sociales . En la primera sección del libro, predominantemente teórica, John Rogerson aplica la perspectiva de Adorno a la lectura de textos bíblicos ; Mark Brett defiende el pluralismo metodológico y deconstruye la etnicidad en Génesis; y Gerald West explora la "granulosidad" de los textos . La segunda parte contiene tanto teoría como aplicación: Jonathan Dyck dibuja un 'mapa de ideología' para los críticos bíblicos y luego aplica un análisis crítico ideológico a Esdras 2. M. Daniel Carroll R. reexamina la 'religión popular' y utiliza a Amós como caso de prueba. ; Stanley Porter considera el dialecto y el registro del griego del Nuevo Testamento y luego lo aplica al Evangelio de Marcos. Esta es una exploración original y de amplio alcance de importantes cuestiones sociocientíficas y su aplicación a una variedad de materiales bíblicos .
650 7 _aCultura
_2sears
_93
653 _aInterpretación bíblica
700 _aCarroll, Mark Daniel.
_91710
_eeditor
856 _b244677
_uhttps://web.p.ebscohost.com/ehost/detail/detail?vid=13&sid=8831ff61-7f75-483c-ab20-f69c4746555d%40redis&bdata=Jmxhbmc9ZXMmc2l0ZT1laG9zdC1saXZl#AN=244677&db=nlebk
_zAbrir Versión electrónica del libro AQUÏ
942 _cEBK
945 _aJTF-925
999 _c69346
_d69346